Central Library OPAC University of Rajshahi

A poetry book for boys and girls / (Record no. 76697)

MARC details
000 -LEADER
fixed length control field 00858nam a2200277 a 4500
001 - CONTROL NUMBER
control field 76697
003 - CONTROL NUMBER IDENTIFIER
rucl marc code BD-RjUL
005 - DATE AND TIME OF LATEST TRANSACTION
control field 20211209082856.0
008 - FIXED-LENGTH DATA ELEMENTS--GENERAL INFORMATION
fixed length control field 200113s19531933enk j 001 0 eng
035 ## - SYSTEM CONTROL NUMBER
System control number (BD-RjUL)76921
System control number (OCoLC)9712028
040 ## - CATALOGING SOURCE
Original cataloging agency DLC
Transcribing agency CtHT
Modifying agency CtHT
-- DLC
-- BD-RjUL
Language of cataloging eng
041 ## - LANGUAGE CODE
Language code of text/sound track or separate title eng
082 ## - DEWEY DECIMAL CLASSIFICATION NUMBER
Edition number 23
Classification number 821
Author mark and year POP 1953
100 1# - MAIN ENTRY--PERSONAL NAME
Personal name Pocock, Guy Noel,
Dates associated with a name 1880-1955.
9 (RLIN) 237415
245 12 - TITLE STATEMENT
Title A poetry book for boys and girls /
Statement of responsibility, etc. chosen by Guy Pocock.
260 ## - PUBLICATION, DISTRIBUTION, ETC. (IMPRINT)
Place of publication, distribution, etc. London ;
-- New York :
Name of publisher, distributor, etc. J.M. Dent and Sons,
Date of publication, distribution, etc. 1933 [reprinted 1953]
300 ## - PHYSICAL DESCRIPTION
Pagination xvi, 366 p. ;
Size 18 cm.
490 0# - SERIES STATEMENT
Series statement Everyman's library. For young people ;
Volume/sequential designation [no. 894]
500 ## - GENERAL NOTE
General note Includes indexes.
650 #0 - SUBJECT ADDED ENTRY--TOPICAL TERM
Topical term or geographic name as entry element Children's poetry.
9 (RLIN) 237416
Topical term or geographic name as entry element English poetry.
9 (RLIN) 237417
942 ## - ADDED ENTRY ELEMENTS (KOHA)
Source of classification or shelving scheme Dewey Decimal Classification
Koha item type Books
Holdings
Lost status Source of classification or shelving scheme Damaged status Not for loan Collection code Permanent Location Current Location Shelving location Date acquired Total Checkouts Full call number Date last seen Copy number Koha item type
  Dewey Decimal Classification   Not For Loan Non-fiction Central Library, University of Rajshahi Central Library, University of Rajshahi Reading Room 13/01/2020   821 POP 1953 13/01/2020 C-1 Books